书目信息 |
| 题名: |
Photoshop cs精彩实例
|
|
| 作者: | 陈志浩 , 李菁 , 李峰 编著 | |
| 分册: | ||
| 出版信息: | 北京 电子工业出版社 2004.04 |
|
| 页数: | 332页 | |
| 开本: | 26cm | |
| 丛书名: | ||
| 单 册: | ||
| 中图分类: | TP391.41 | |
| 科图分类: | ||
| 主题词: | 图形软件--tu xing ruan jian | |
| 电子资源: | ||
| ISBN: | 7-5053-9692-7 | |
| 000 | 00927nam0 2200265 450 | |
| 001 | 012006964621 | |
| 005 | 20060331111030.14 | |
| 010 | @a7-5053-9692-7@dCNY68.00 (含光盘) | |
| 100 | @a20060331d2004 km y0chiy0120 ea | |
| 101 | 0 | @achi |
| 102 | @aCN@b110000 | |
| 105 | @aa z 000yy | |
| 200 | 1 | @aPhotoshop cs精彩实例@APhotoshop cs jing cai shi li@f陈志浩, 李菁, 李峰等编著@Fchen zhi hao,li jing,li feng deng bian zhu |
| 210 | @a北京@c电子工业出版社@d2004.04 | |
| 215 | @a332页@c彩图@d26cm@e光盘1片 | |
| 307 | @a光盘 ISBN : 7-89496-341-0 | |
| 330 | @a本书通过大量实例的制作过程,全面介绍了图像处理软件Photoshop CS在平面设计方面的应用方法和技巧。 | |
| 606 | 0 | @a图形软件@Atu xing ruan jian |
| 610 | 0 | @aPhotoshop cs |
| 690 | @aTP391.41@v4 | |
| 701 | 0 | @a陈志浩@Achen zhi hao@4编著 |
| 701 | 0 | @a李菁@Ali jing@4编著 |
| 701 | 0 | @a李峰@Ali feng@4编著 |
| 801 | 0 | @aCN@bQSSK@c20060331 |
| 905 | @a10447@dTP391.41@eC652 | |
| Photoshop cs精彩实例/陈志浩, 李菁, 李峰等编著.-北京:电子工业出版社,2004.04 |
| 332页:彩图;26cm+光盘1片 |
| ISBN 7-5053-9692-7:CNY68.00 (含光盘) |
| 本书通过大量实例的制作过程,全面介绍了图像处理软件Photoshop CS在平面设计方面的应用方法和技巧。 |
| ● |
| 相关链接 |
|
|
|
正题名:Photoshop cs精彩实例
索取号:TP391.41/C652
 
预约/预借
| 序号 | 登录号 | 条形码 | 馆藏地/架位号 | 状态 | 备注 |
| 1 | 556936 | 205569366 | 自科库301/301自科库 65排7列2层/ [索取号:TP391.41/C652] | 在馆 | |
| 2 | 556937 | 205569375 | 自科二线404/404自科库 2排2列4层/ [索取号:TP391.41/C652] | 在馆 | |
| 3 | 556938 | 205569384 | 自科库301/301自科库 65排7列2层/ [索取号:TP391.41/C652] | 在馆 |